| 000 | 00858nam a22001337a 4500 | ||
|---|---|---|---|
| 040 | _cRUA | ||
| 082 | _aANS SOU 2014 B445 Or.1 | ||
| 100 | _aSOUNG SORIYA; សួង សូរិយា | ||
| 245 | _aEffect of betaine in concentrate feed on growth performent of quail at experimental station in royal university of agriculture; ប្រសិទ្ធភាពនៃការបន្ថែមម្សៅ Betaine ក្នុងចំណីផ្សំលើការលូតលាស់របស់ក្រួចសាច់នៅស្ថានីយពិសោធន៏សត្វ នៃសាកលវិទ្យាល័យភូមិន្ទកសិកម្ម | ||
| 260 |
_aPhnom Penh _bRUA _c2014 |
||
| 300 |
_ax;44p. _bill. _c29cm. |
||
| 856 | _uhttps://drive.google.com/file/d/1-tX5SnZErN9-ZGXmnSnNanC-aZhDlo4l/view?usp=sharing | ||
| 942 | _cANS | ||
| 999 |
_c7364 _d7364 |
||